| 000 | 00532nam a2200217 a 4500 | ||
|---|---|---|---|
| 001 | BRCA_7043 | ||
| 005 | 20190320205705.0 | ||
| 008 | 301111s1932----nyu#######---#000-0#eng-# | ||
| 041 | _aeng | ||
| 044 | _anyu | ||
| 050 | 4 |
_aHQ31 _b.R66 _c1932 |
|
| 100 | 1 |
_aRossiter, Frederick Magee _917502 |
|
| 245 | 1 | 0 |
_aThe torch of life _bFrederick M. Rossiter |
| 260 |
_aNew York _bEugenics _c1932 |
||
| 300 |
_a188p. _c19 cm. |
||
| 500 | _aP3 | ||
| 650 | 1 | 4 |
_aSexo _917503 |
| 650 | 1 | 4 |
_aEtica sexual _99275 |
| 902 | _aGFM | ||
| 942 |
_2lcc _cB |
||
| 999 |
_c6724 _d6724 |
||